01010 2200349 4500001002100000005001500021035002000036007000300056040001700059100003000076245006200106250001200168300003400180020002200214041000800236082000800244084001400252090002400266260003100290650001500321850001000336008004100346264004200387336002100429337003000450338002300480700003100503500005300534504002900587990002200616990002200638INLIS00000000000601820260419075524 a0010-0322000262ta aSBPUPADbind0 aMukhrizal ArifePengarang1 aPendidikan Posmodernisme /cMukhrizal Arif,Editor Rose KR a.-cet.3 a348 hal. :bilus. ;c17x24 cm a978-602-7874-79-4 aind a370 a370 ARI p a746.4 ELL t t 15-4 aJakarta :bErlangga,c2006 4aPendidikan aPUPAD260419 0  a.--Yogyakarta :bAr-Ruzz Media,c2016 2rdacontentaTeks 2rdamediaaTanpa Perantara 2rdacarrieravolume aEditor, Rose KRePengarang aBiografi Penulis,hlm 343-347, Indeks hlm 339-341 aBibliografi, hlm 327-338 a24.585/H/DPK/2017 a24.584/H/DPK/2017